[Event "11. Lichtenberger Sommer"]
[Site "Berlin"]
[Date "2012.08.23"]
[Round "6.109"]
[White "Stiemerling, Karl-Heinz"]
[Black "Schulz, Martin"]
[Result "0-1"]
[WhiteElo "1650"]
[BlackElo "1648"]
[PlyCount "74"]
[EventDate "2012.??.??"]
[WhiteTeam "vereinslos"]
[BlackTeam "KSC Strausberg Abt. Schach"]

1. d4 d5 2. Nf3 Bf5 3. Bf4 e6 4. c3 Bd6 5. e3 Bxf4 6. exf4 Nf6 7. Nbd2 c6 8. h3
Ne4 9. Nxe4 Bxe4 10. Bd3 Bxd3 11. Qxd3 h6 12. Ne5 Nd7 13. O-O-O a5 14. f5 Nxe5
15. dxe5 Qg5+ 16. Kc2 Qxf5 17. Qxf5 exf5 18. f4 O-O-O 19. g4 fxg4 20. hxg4 Rde8
21. Rd4 Kc7 22. Kb3 f6 23. Re1 fxe5 24. fxe5 Re6 25. Rf4 Rhe8 26. Rf7+ R8e7 27.
Rxe7+ Rxe7 28. Ka4 b6 29. b4 axb4 30. Kxb4 Rf7 31. e6 Re7 32. c4 d4 33. c5
bxc5+ 34. Kxc5 d3 35. a4 d2 36. Rd1 Rxe6 37. Rxd2 Re5+ 0-1

[Event "11. Lichtenberger Sommer"]
[Site "Berlin"]
[Date "2012.08.23"]
[Round "6.110"]
[White "Stark, Steven"]
[Black "Toth, Hans-Jürgen"]
[Result "0-1"]
[WhiteElo "1569"]
[BlackElo "1638"]
[PlyCount "142"]
[EventDate "2012.??.??"]
[WhiteTeam "BSC Rehberge 1945 e.V."]
[BlackTeam "Schachfreunde Zehdenick 76 e.V."]

1. e3 f5 2. a3 Nf6 3. Be2 c6 4. b4 a6 5. d3 d5 6. Bb2 e6 7. Nf3 Bd6 8. Ne5 Bxe5
9. Bxe5 Nbd7 10. Bb2 O-O 11. Nd2 e5 12. Nf3 e4 13. Nd4 Ne5 14. Ne6 Bxe6 15.
Bxe5 b5 16. Bd4 Qc7 17. Bc5 Rf7 18. g3 Nd7 19. d4 Nxc5 20. dxc5 Qe5 21. Qd4
Qxd4 22. exd4 f4 23. O-O-O f3 24. Bf1 a5 25. Kb2 axb4 26. axb4 Rfa7 27. Kc3 Ra2
28. Rc1 R8a3+ 29. Kd2 Rb3 30. Bxb5 cxb5 31. c6 Rxb4 32. Ra1 Rxd4+ 33. Kc3 Rxa1
34. Rxa1 Rc4+ 35. Kb3 Rxc6 36. Re1 Kf7 37. Kb2 h5 38. Re3 Kf6 39. Rb3 Rc5 40.
Re3 Ke5 41. c3 d4 42. cxd4+ Kxd4 43. Ra3 b4 44. Ra7 Kd3 45. Rxg7 Rc2+ 46. Kb1
Ba2+ 47. Ka1 b3 48. Rd7+ Ke2 49. Re7 Kxf2 50. Rxe4 Kg2 51. g4 f2 52. Rf4 f1=Q+
53. Rxf1 Kxf1 54. gxh5 Rxh2 55. h6 Rxh6 56. Kb2 Ke1 57. Ka1 Ke2 58. Kb2 Rh1 59.
Ka3 Rb1 60. Kb4 Kd2 61. Ka3 Kc2 62. Kb4 Ra1 63. Ka3 b2 64. Kb4 b1=Q+ 65. Kc5
Qb7 66. Kd4 Qd5+ 67. Ke3 Qd2+ 68. Kf3 Bd5+ 69. Kg3 Rg1+ 70. Kh3 Qg2+ 71. Kh4
Rh1# 0-1

[Event "11. Lichtenberger Sommer"]
[Site "Berlin"]
[Date "2012.08.24"]
[Round "7.23"]
[White "Nötzel, Felix"]
[Black "Kutzner, Stephen"]
[Result "0-1"]
[WhiteElo "2107"]
[BlackElo "2036"]
[PlyCount "92"]
[EventDate "2012.??.??"]
[WhiteTeam "Sfrd. Berlin 1903 e.V."]
[BlackTeam "Godesberger Schachklub 1929 e.V."]

1. e4 e5 2. d4 exd4 3. Nf3 Nf6 4. e5 Ne4 5. Qxd4 d5 6. exd6 Nxd6 7. Bd3 Nc6 8.
Qf4 Be7 9. O-O Be6 10. Nc3 Qd7 11. Be3 h6 12. Rad1 g5 13. Qa4 Bg4 14. Be4 f5
15. Bxc6 Qxc6 16. Qd4 O-O-O 17. Ne5 Qa6 18. Nxg4 fxg4 19. Qxg4+ Kb8 20. Bd4
Rhe8 21. Rfe1 Qc4 22. Bxa7+ Kxa7 23. Qxc4 Nxc4 24. Rxd8 Rxd8 25. Rxe7 Nxb2 26.
Rxc7 Kb8 27. Rh7 Na4 28. h4 Nxc3 29. Rxh6 gxh4 30. Rxh4 Nxa2 31. Rc4 Rc8 32.
Rxc8+ Kxc8 33. g4 Nb4 34. f4 Nxc2 35. Kf2 Kd7 36. Ke2 Nd4+ 37. Kd3 Ne6 38. f5
Ng5 39. Kc4 Kc6 40. Kd4 Kd6 41. Kc4 b6 42. Kb5 Kc7 43. Kc4 Kc6 44. Kd4 b5 45.
Ke5 b4 46. Kf4 b3 0-1

[Event "11. Lichtenberger Sommer"]
[Site "Berlin"]
[Date "2012.08.24"]
[Round "7.24"]
[White "Guenther, Thomas"]
[Black "Marxen, Peter"]
[Result "1-0"]
[WhiteElo "2085"]
[BlackElo "2140"]
[PlyCount "69"]
[EventDate "2012.??.??"]
[WhiteTeam "SV Senat e.V."]
[BlackTeam "Preetzer TSV"]

1. d4 Nf6 2. Nf3 d5 3. e3 Bf5 4. c4 c6 5. Nc3 e6 6. Nh4 Bg6 7. Nxg6 hxg6 8. Bd3
Nbd7 9. h3 Bd6 10. O-O Bb8 11. b3 Qc7 12. f4 O-O 13. Bd2 a6 14. c5 Ne8 15. Qg4
Qd8 16. h4 Bc7 17. b4 Qe7 18. g3 Nef6 19. Qh3 a5 20. b5 cxb5 21. Nxb5 Nb8 22.
g4 Ne4 23. Bxe4 dxe4 24. g5 Rd8 25. h5 gxh5 26. Qxh5 Na6 27. Rf2 g6 28. Qh1 Qf8
29. Rh2 Qg7 30. Nxc7 Nxc7 31. Qxe4 Nd5 32. Rb1 Rdb8 33. Rb5 a4 34. Qb1 Ra7 35.
Qd3 1-0

[Event "11. Lichtenberger Sommer"]
[Site "Berlin"]
[Date "2012.08.24"]
[Round "7.25"]
[White "Barwich, Alfred"]
[Black "Zur, Jan"]
[Result "1-0"]
[WhiteElo "2011"]
[BlackElo "2001"]
[PlyCount "93"]
[EventDate "2012.??.??"]
[WhiteTeam "SV Berolina Mitte e.V."]
[BlackTeam "SC Zugzwang 95 e.V."]

1. d4 Nf6 2. c4 e6 3. Nc3 Bb4 4. e3 b6 5. Nge2 Bb7 6. a3 Bxc3+ 7. Nxc3 O-O 8.
Qc2 d5 9. cxd5 exd5 10. b4 Re8 11. Be2 Qe7 12. O-O Nbd7 13. a4 Rac8 14. Ba3 Qe6
15. Rab1 h6 16. Rfc1 c6 17. Bd3 g6 18. Qe2 Rc7 19. a5 Kg7 20. a6 Ba8 21. Nb5
Rcc8 22. Nxa7 Rc7 23. Nb5 Rcc8 24. Nc3 b5 25. Rc2 Nb6 26. Ra1 Re7 27. Bc1 Rce8
28. f3 Qd6 29. Bd2 Nfd7 30. Qf2 f5 31. Ne2 Nc4 32. Bxc4 bxc4 33. Nc3 Qxb4 34.
Rb1 Qd6 35. Na4 Rb8 36. Rxb8 Qxb8 37. Rb2 Qa7 38. Nc5 Nxc5 39. dxc5 Qxa6 40.
Bc3+ Kh7 41. Rb8 g5 42. Qc2 Rf7 43. g4 d4 44. Bxd4 Qa3 45. gxf5 Rg7 46. f6+ Rg6
47. f7 1-0

[Event "11. Lichtenberger Sommer"]
[Site "Berlin"]
[Date "2012.08.24"]
[Round "7.26"]
[White "Kupfer, Michael"]
[Black "Krefenstein, Sergej"]
[Result "0-1"]
[WhiteElo "2021"]
[BlackElo "2062"]
[PlyCount "24"]
[EventDate "2012.??.??"]
[WhiteTeam "SC Friesen Lichtenberg e.V."]
[BlackTeam "TuS Makkabi Berlin e.V."]

1. e4 c5 2. d4 cxd4 3. c3 g6 4. Nf3 Bg7 5. Bc4 Nf6 6. e5 Ne4 7. O-O d5 8. Bb5+
Nc6 9. Nxd4 Bd7 10. f3 Nc5 11. b4 Ne6 12. Nb3 Qb6+ 0-1

[Event "11. Lichtenberger Sommer"]
[Site "Berlin"]
[Date "2012.08.24"]
[Round "7.27"]
[White "Burger, Heinrich"]
[Black "Lämmel, Sebastian"]
[Result "1/2-1/2"]
[WhiteElo "2138"]
[BlackElo "1888"]
[PlyCount "48"]
[EventDate "2012.??.??"]
[WhiteTeam "VfB Hermsdorf e.V."]
[BlackTeam "SV Cranzahl 1962"]

1. Nf3 Nf6 2. c4 c6 3. d4 d5 4. Qc2 g6 5. Nc3 Bf5 6. Qb3 b6 7. cxd5 Nxd5 8. e3
Nxc3 9. bxc3 Bg7 10. Bc4 O-O 11. Ng5 Qe8 12. e4 Bd7 13. e5 Bf5 14. e6 f6 15.
Nf7 b5 16. Nh6+ Bxh6 17. Bxh6 bxc4 18. Qb7 Qc8 19. Qxa8 Qxe6+ 20. Be3 Bd3 21.
O-O-O Nd7 22. Qxa7 Rb8 23. Qa3 Qd6 24. Qxd6 Rb1+ 1/2-1/2

[Event "11. Lichtenberger Sommer"]
[Site "Berlin"]
[Date "2012.08.24"]
[Round "7.28"]
[White "Püschel, Werner"]
[Black "Jachym, Adam"]
[Result "1-0"]
[WhiteElo "2121"]
[BlackElo "1881"]
[PlyCount "102"]
[EventDate "2012.??.??"]
[WhiteTeam "SG Lasker Steglitz-Wilmersdorf"]
[BlackTeam "Spolem Opole"]

1. c3 d5 2. d3 Nf6 3. g3 Bf5 4. Nf3 h6 5. Nd4 Bh7 6. Qb3 Qc8 7. f4 Nbd7 8. Bg2
e6 9. Nd2 Ng4 10. Nf1 c5 11. Nf3 c4 12. dxc4 dxc4 13. Qa4 Bc5 14. e3 O-O 15.
Qxc4 Qc6 16. h3 Be4 17. Nd4 Bxg2 18. Nxc6 Bxh1 19. hxg4 Bxc6 20. e4 b5 21. Qe2
e5 22. g5 exf4 23. Bxf4 hxg5 24. Bxg5 f5 25. O-O-O fxe4 26. Qg4 Rae8 27. Ne3
Ne5 28. Qh5 Rf3 29. Ng4 Nxg4 30. Qxg4 e3 31. Rd8 Rff8 32. Rxe8 Rxe8 33. Bf6 Bf8
34. Kd1 e2+ 35. Ke1 Bd5 36. b3 Re4 37. Qg5 Bf7 38. Bd4 b4 39. Qf5 Re8 40. c4 a6
41. c5 Re6 42. Qf3 Be8 43. Qf5 Bd7 44. Qd5 Bc8 45. c6 Bd6 46. Qg5 g6 47. Qh4
Kf7 48. Qh7+ Ke8 49. Bf2 Bf8 50. Qc7 Bh6 51. Qxc8+ Kf7 1-0

[Event "11. Lichtenberger Sommer"]
[Site "Berlin"]
[Date "2012.08.24"]
[Round "7.31"]
[White "Sieglen, Joachim"]
[Black "Fischöder, Heiko"]
[Result "1-0"]
[WhiteElo "2281"]
[BlackElo "1970"]
[PlyCount "82"]
[EventDate "2012.??.??"]
[WhiteTeam "SC Untergrombach 46"]
[BlackTeam "Schachverein Unser Fritz Wanne-E"]

1. d4 Nf6 2. c4 e6 3. g3 d5 4. Bg2 dxc4 5. Nf3 a6 6. O-O Nc6 7. Nc3 Rb8 8. e4
Be7 9. d5 exd5 10. exd5 Nb4 11. Ne5 Bf5 12. a3 Nd3 13. Nxc4 O-O 14. h3 h6 15.
Be3 Re8 16. b4 Bd6 17. Bd4 Be5 18. Nxe5 Nxe5 19. g4 Nfxg4 20. hxg4 Bxg4 21. f3
Bh5 22. Qd2 Qh4 23. Bxe5 Rxe5 24. f4 Rf5 25. Rae1 Bg4 26. Qf2 Qd8 27. Re5 Rf6
28. Qh4 Bf5 29. Rfe1 c6 30. Qf2 Qd6 31. dxc6 bxc6 32. Qe3 a5 33. Rxa5 Qd7 34.
Rd1 Qc8 35. Kh2 Rb7 36. Re5 Qc7 37. Ne2 g5 38. Re8+ Kg7 39. Bf3 Re6 40. Rxe6
Bxe6 41. Qc3+ Kg8 1-0

[Event "11. Lichtenberger Sommer"]
[Site "Berlin"]
[Date "2012.08.24"]
[Round "7.32"]
[White "Jahnz, Fabian"]
[Black "Muskewitz, Bernd"]
[Result "1-0"]
[WhiteElo "2215"]
[BlackElo "1992"]
[PlyCount "65"]
[EventDate "2012.??.??"]
[WhiteTeam "SK König Tegel 1949 e.V."]
[BlackTeam "TSG Oberschöneweide e.V."]

1. e4 c5 2. Nf3 a6 3. c3 d5 4. exd5 Qxd5 5. d4 Bg4 6. Be2 e6 7. h3 Bh5 8. O-O
Nf6 9. Re1 Be7 10. Be3 cxd4 11. cxd4 O-O 12. g4 Bg6 13. Ne5 Bxb1 14. Rxb1 Qxa2
15. Nc4 b5 16. Ra1 Qxa1 17. Qxa1 bxc4 18. Bf3 Nd5 19. Qa4 Ra7 20. Bxd5 exd5 21.
Bf4 h6 22. Qa5 Rb7 23. Qxd5 Rd7 24. Qxc4 a5 25. Qb5 Bb4 26. Bxb8 Bxe1 27. Qxd7
Rxb8 28. d5 Bd2 29. h4 Bf4 30. d6 g5 31. h5 Kg7 32. Qc7 Rxb2 33. Qc3+ 1-0

[Event "11. Lichtenberger Sommer"]
[Site "Berlin"]
[Date "2012.08.24"]
[Round "7.33"]
[White "Berndt, Matthias"]
[Black "Olivares, Eduardo"]
[Result "1/2-1/2"]
[WhiteElo "2142"]
[BlackElo "1849"]
[PlyCount "97"]
[EventDate "2012.??.??"]
[WhiteTeam "SC Fulda"]
[BlackTeam "SC Zitadelle Spandau 1977 e.V."]

1. e4 c5 2. Nc3 g6 3. g3 Bg7 4. Bg2 Nc6 5. d3 d6 6. Be3 e5 7. Qd2 Nge7 8. Bh6
O-O 9. h4 Bxh6 10. Qxh6 f6 11. Qd2 Nd4 12. h5 g5 13. f4 h6 14. Nd1 b5 15. c3
Ne6 16. Ne2 Rb8 17. d4 cxd4 18. cxd4 Qb6 19. d5 Nc5 20. Ne3 a5 21. O-O Bd7 22.
fxg5 fxg5 23. Rxf8+ Rxf8 24. Rf1 b4 25. Rxf8+ Kxf8 26. Nc1 Kg7 27. Qf2 Qc7 28.
Nb3 a4 29. Nxc5 Qxc5 30. Kh2 Qc1 31. Bh3 g4 32. Bxg4 Bxg4 33. Nxg4 Qg5 34. Ne3
Qxh5+ 35. Kg2 Qg6 36. Qf3 Qg5 37. Kf2 Qg6 38. Qg4 Qxg4 39. Nxg4 Nc8 40. Ne3 Kg6
41. Ke2 Kg5 42. Kd3 Nb6 43. b3 axb3 44. axb3 h5 45. Nf5 Nxd5 46. Nxd6 Nb6 47.
Nf7+ Kg4 48. Nxe5+ Kxg3 49. Ng6 1/2-1/2

[Event "11. Lichtenberger Sommer"]
[Site "Berlin"]
[Date "2012.08.24"]
[Round "7.34"]
[White "Breitwieser, Jasmin"]
[Black "Dimitrijeski, Kristian"]
[Result "0-1"]
[WhiteElo "1938"]
[BlackElo "2165"]
[PlyCount "98"]
[EventDate "2012.??.??"]
[WhiteTeam "Sfr. Frankfurt 1921"]
[BlackTeam "SK König Tegel 1949 e.V."]

1. d4 c6 2. c4 d5 3. cxd5 cxd5 4. Nc3 e5 5. dxe5 d4 6. Ne4 Qa5+ 7. Bd2 Qxe5 8.
Ng3 Nf6 9. Nf3 Qd5 10. Qc2 Nc6 11. a3 Bc5 12. Rc1 Bb6 13. e3 dxe3 14. Bxe3 Bxe3
15. fxe3 O-O 16. Bc4 Qa5+ 17. Qc3 Re8 18. O-O Be6 19. Bxe6 Rxe6 20. Qxa5 Nxa5
21. Rc7 Rc6 22. Rc1 Rxc1+ 23. Rxc1 Nc6 24. Nd4 Nxd4 25. exd4 Nd5 26. Ne4 Kf8
27. Nc3 Rc8 28. Kf2 Rc4 29. Ne2 Rxc1 30. Nxc1 Ke7 31. Ne2 Ke6 32. Kf3 g5 33. g3
f5 34. h4 h6 35. hxg5 hxg5 36. Nc3 Nb6 37. b3 Nd5 38. Ne2 Nf6 39. Nc3 a6 40. a4
Nd5 41. Nb1 Nb4 42. g4 fxg4+ 43. Kxg4 Kd5 44. Kxg5 Kxd4 45. Nd2 Nc6 46. Kf4 Kc3
47. Ne4+ Kb4 48. Ke3 Na5 49. Kd3 Nxb3 0-1

[Event "11. Lichtenberger Sommer"]
[Site "Berlin"]
[Date "2012.08.24"]
[Round "7.35"]
[White "Schmidt, Markus"]
[Black "Kapr, Klaus"]
[Result "1/2-1/2"]
[WhiteElo "2051"]
[BlackElo "2095"]
[PlyCount "116"]
[EventDate "2012.??.??"]
[WhiteTeam "SK Turm Bad Hersfeld"]
[BlackTeam "SC Friesen Lichtenberg e.V."]

1. e4 c6 2. d4 d5 3. Nd2 dxe4 4. Nxe4 Bf5 5. Ng3 Bg6 6. Nf3 e6 7. h4 h6 8. h5
Bh7 9. Bd3 Bxd3 10. Qxd3 Nd7 11. Ne4 Ngf6 12. Bd2 Qc7 13. O-O-O O-O-O 14. Qe3
Nxe4 15. Qxe4 Nf6 16. Qe2 Rd5 17. c4 Rxh5 18. Rxh5 Nxh5 19. Qe5 Qxe5 20. Nxe5
Be7 21. Rh1 Nf6 22. Nxf7 Rf8 23. Ne5 Ne4 24. Ng6 Rf7 25. Nxe7+ Rxe7 26. f3 Ng3
27. Re1 Nf5 28. Bc3 Kd7 29. Re5 Nh4 30. Re2 Nf5 31. Kc2 Rf7 32. Kd3 g6 33. b4
a6 34. a4 Nd6 35. Be1 b5 36. axb5 axb5 37. cxb5 Nxb5 38. Bg3 Rf8 39. Ra2 Rf5
40. Be5 Rg5 41. Kc4 Kc8 42. Ra8+ Kb7 43. Rb8+ Ka7 44. Re8 Rxg2 45. Rxe6 Kb7 46.
Re7+ Kb6 47. Bf4 h5 48. Re6 g5 49. Be3 Kb7 50. Rg6 Rg3 51. Rxg5 Rxf3 52. Kd3
Nd6 53. Ke2 Rf5 54. Rg7+ Ka6 55. Rg6 Rd5 56. Bf4 Nf5 57. Rxc6+ Kb5 58. Rc5+
Rxc5 1/2-1/2

[Event "11. Lichtenberger Sommer"]
[Site "Berlin"]
[Date "2012.08.24"]
[Round "7.36"]
[White "Kornrumpf, Joachim"]
[Black "Albinus, Günter"]
[Result "1/2-1/2"]
[WhiteElo "2073"]
[BlackElo "1819"]
[PlyCount "104"]
[EventDate "2012.??.??"]
[WhiteTeam "Preetzer TSV"]
[BlackTeam "SG Weißensee 49 e.V."]

1. b3 Nf6 2. Bb2 e6 3. e3 c5 4. c4 Nc6 5. Nf3 Be7 6. Be2 O-O 7. O-O d5 8. cxd5
Nxd5 9. a3 Bf6 10. Qc2 Bxb2 11. Qxb2 Qf6 12. Ra2 Qxb2 13. Rxb2 b6 14. Rc1 Bb7
15. Bb5 Rac8 16. Bxc6 Rxc6 17. Rbc2 Rcc8 18. d4 cxd4 19. Nxd4 Rxc2 20. Rxc2 Rc8
21. Rxc8+ Bxc8 22. Nc6 Bd7 23. Nxa7 Kf8 24. e4 Nc7 25. a4 e5 26. Nd2 f6 27. Nc4
b5 28. axb5 Bxb5 29. Nxb5 Nxb5 30. f3 Ke7 31. Kf2 Nd4 32. Nd2 Kd6 33. Ke3 Kc5
34. Kd3 Kb4 35. f4 Nxb3 36. fxe5 fxe5 37. Nf3 Nc5+ 38. Ke3 Nd7 39. Ng5 Nf8 40.
Nf7 Nd7 41. Kf3 Kc5 42. Kg4 Kd4 43. Kf3 Kd3 44. g3 h6 45. h3 Kd4 46. Nd6 g6 47.
h4 h5 48. Nf7 Nf8 49. Ng5 Kd3 50. Nf7 Kd4 51. Nd6 Ne6 52. Nf7 Nf8 1/2-1/2

[Event "11. Lichtenberger Sommer"]
[Site "Berlin"]
[Date "2012.08.24"]
[Round "7.37"]
[White "Schwedek, Tony"]
[Black "Amelang, Thomas"]
[Result "1/2-1/2"]
[WhiteElo "1862"]
[BlackElo "2140"]
[PlyCount "55"]
[EventDate "2012.??.??"]
[WhiteTeam "SC Zitadelle Spandau 1977 e.V."]
[BlackTeam "SK Siemens München"]

1. c4 Nf6 2. g3 c6 3. Nf3 g6 4. Bg2 d5 5. O-O dxc4 6. a4 Bg7 7. Na3 O-O 8. Nxc4
Be6 9. d3 Qc8 10. Ng5 Bd5 11. Bh3 Qd8 12. Ne3 h6 13. Nxd5 hxg5 14. Nxf6+ Bxf6
15. Rb1 Nd7 16. b4 a6 17. Bb2 e6 18. Bg2 Kg7 19. Qb3 Rh8 20. b5 axb5 21. axb5
Rc8 22. Rfc1 Ne5 23. Bxe5 Bxe5 24. bxc6 bxc6 25. Rxc6 Rb8 26. Rb6 Qd4 27. Rxb8
Rxb8 28. Qc2 1/2-1/2

[Event "11. Lichtenberger Sommer"]
[Site "Berlin"]
[Date "2012.08.24"]
[Round "7.38"]
[White "Kollars, Dmitrij"]
[Black "Hübner, Alan-Ari"]
[Result "1-0"]
[WhiteElo "1996"]
[BlackElo "1728"]
[PlyCount "73"]
[EventDate "2012.??.??"]
[WhiteTeam "Delmenhorster SK V 1931"]
[BlackTeam "TuS Makkabi Berlin e.V."]

1. e4 e5 2. Nf3 Nc6 3. d4 exd4 4. Nxd4 Nf6 5. Nxc6 bxc6 6. Nd2 d5 7. exd5 cxd5
8. Bb5+ Bd7 9. Bxd7+ Qxd7 10. O-O Be7 11. b3 O-O 12. Bb2 c6 13. Re1 Rfe8 14.
Nf3 Rad8 15. Qd3 h6 16. Rad1 Ne4 17. Rxe4 dxe4 18. Qxd7 Rxd7 19. Rxd7 exf3 20.
gxf3 Bc5 21. Kf1 f6 22. Bd4 Bxd4 23. Rxd4 Kf7 24. Rd7+ Re7 25. Rxe7+ Kxe7 26.
Ke2 Kd6 27. Kd3 Kd5 28. c4+ Ke5 29. b4 Kd6 30. a4 a6 31. Kd4 h5 32. f4 g5 33.
fxg5 fxg5 34. b5 axb5 35. cxb5 cxb5 36. axb5 g4 37. Ke4 1-0

[Event "11. Lichtenberger Sommer"]
[Site "Berlin"]
[Date "2012.08.24"]
[Round "7.40"]
[White "Sappok, Marius"]
[Black "Tahiri, Daut"]
[Result "0-1"]
[WhiteElo "1977"]
[BlackElo "2114"]
[PlyCount "50"]
[EventDate "2012.??.??"]
[WhiteTeam "SC Pirmasens 1912"]
[BlackTeam "SK Tempelhof 1931 e.V."]

1. d4 e6 2. c4 Nf6 3. Nf3 d5 4. g3 dxc4 5. Bg2 Nc6 6. O-O Be7 7. Qa4 O-O 8.
Qxc4 Bd7 9. Rd1 Nd5 10. e4 Nb6 11. Qe2 Re8 12. Nc3 Bf8 13. Bg5 Be7 14. Be3 Bf8
15. Bg5 Be7 16. Bf4 a6 17. h4 Bd6 18. e5 Bf8 19. Ng5 h6 20. Nge4 Nd5 21. Bxh6
gxh6 22. Nxd5 exd5 23. Nc3 Be6 24. Qh5 Qd7 25. Bf3 Ne7 0-1

[Event "11. Lichtenberger Sommer"]
[Site "Berlin"]
[Date "2012.08.24"]
[Round "7.41"]
[White "Müller, Johannes"]
[Black "Montolio Benedicto, Cesar"]
[Result "0-1"]
[WhiteElo "1896"]
[BlackElo "1956"]
[PlyCount "110"]
[EventDate "2012.??.??"]
[WhiteTeam "SC Eintracht Berlin e.V."]
[BlackTeam "Gros Xake Taldea"]

1. e4 e5 2. Nc3 Nf6 3. g3 Bc5 4. Bg2 O-O 5. d3 d6 6. h3 Nc6 7. Nge2 Nd4 8. Na4
Nxe2 9. Qxe2 Bb6 10. Nxb6 axb6 11. f4 Bd7 12. f5 Bc6 13. c4 Nd7 14. h4 f6 15.
g4 Kf7 16. g5 Ke7 17. Be3 Qb8 18. a3 Qa7 19. b4 Ba4 20. Qb2 Nb8 21. Bf3 Be8 22.
Rg1 Nd7 23. Kf2 Bf7 24. a4 Rg8 25. Bg4 Qb8 26. Qe2 Qe8 27. Rgc1 Nb8 28. c5 bxc5
29. bxc5 Nd7 30. cxd6+ cxd6 31. a5 Qb8 32. Qb2 Rc8 33. Rcb1 Rc7 34. a6 bxa6 35.
Qxb8 Rxb8 36. Rxb8 Nxb8 37. Ra5 Rc2+ 38. Kg3 Rc3 39. Be2 Bc4 40. dxc4 Rxe3+ 41.
Bf3 Rb3 42. Kf2 Rb6 43. gxf6+ gxf6 44. h5 Nc6 45. Ra1 a5 46. Rg1 a4 47. h6 a3
48. Rg7+ Kf8 49. Bh5 a2 50. Rxh7 a1=Q 51. Rh8+ Ke7 52. Re8+ Kd7 53. h7 Qd4+ 54.
Kg3 Qe3+ 55. Bf3 Qf4+ 0-1

[Event "11. Lichtenberger Sommer"]
[Site "Berlin"]
[Date "2012.08.24"]
[Round "7.42"]
[White "Schubert, Joachim"]
[Black "Poseck, Steffen"]
[Result "0-1"]
[WhiteElo "1771"]
[BlackElo "2076"]
[PlyCount "122"]
[EventDate "2012.??.??"]
[WhiteTeam "SC Friesen Lichtenberg e.V."]
[BlackTeam "BSV 63 Chemie Weißensee"]

1. e4 d5 2. exd5 Qxd5 3. Nf3 Bg4 4. Be2 Nc6 5. d3 Nf6 6. Nc3 Qd6 7. Bg5 O-O-O
8. Qd2 e5 9. O-O-O Be7 10. h3 Bxf3 11. Bxf3 Nd4 12. Qe3 h6 13. Bxf6 Bxf6 14.
Kb1 Bg5 15. Qe4 c6 16. Bg4+ Kb8 17. h4 Bf6 18. Rdf1 h5 19. Bd1 g6 20. f4 exf4
21. Qxf4 Be5 22. Qg5 f5 23. Rh3 Rde8 24. Re3 Re6 25. Rfe1 Rhe8 26. a3 Qe7 27.
Qxe7 R6xe7 28. Rh3 Bf4 29. Rf1 Bd2 30. Na2 Re1 31. Rhh1 Rxf1 32. Rxf1 Re1 33.
Rxe1 Bxe1 34. c3 Ne6 35. Nc1 Nf4 36. Bf3 Bxh4 37. Kc2 Kc7 38. Kd2 Bg5 39. Kd1
Bh6 40. g3 Nd5 41. Ne2 Ne3+ 42. Ke1 Ng4 43. d4 Kd6 44. b4 b5 45. Ng1 Ne3 46.
Ke2 Nc4 47. Bg2 Bd2 48. Kd3 Be1 49. Ne2 g5 50. Bf3 g4 51. Bg2 Nxa3 52. Nf4 Bxg3
53. Nxh5 Bh2 54. Nf6 Nc4 55. Bh1 Nb6 56. Ne8+ Kd7 57. Nf6+ Ke6 58. Nh5 Nd5 59.
Ng7+ Kf6 60. Ne8+ Kf7 61. Nd6+ Bxd6 0-1

[Event "11. Lichtenberger Sommer"]
[Site "Berlin"]
[Date "2012.08.24"]
[Round "7.43"]
[White "Penner, Markus"]
[Black "Radjenovic, Branko"]
[Result "1-0"]
[WhiteElo "1998"]
[BlackElo "1845"]
[PlyCount "48"]
[EventDate "2012.??.??"]
[WhiteTeam "SK Zehlendorf e.V."]
[BlackTeam "SK Dragojle Babic"]

1. e4 g6 2. d4 Bg7 3. Nf3 d6 4. Be2 Nf6 5. Nc3 Nbd7 6. O-O O-O 7. e5 dxe5 8.
dxe5 Ng4 9. e6 Ndf6 10. exf7+ Kh8 11. Bf4 c6 12. Bc4 Nh5 13. Qxd8 Rxd8 14. Bg5
Bf6 15. h3 Ne5 16. Bxf6+ exf6 17. Nxe5 fxe5 18. Rfe1 Bd7 19. Rxe5 Kg7 20. Rd1
Nf6 21. Ne4 Nxe4 22. Rxe4 Kf8 23. Red4 Ke7 24. f8=Q+ Kxf8 1-0

[Event "11. Lichtenberger Sommer"]
[Site "Berlin"]
[Date "2012.08.24"]
[Round "7.44"]
[White "Geißler, Felix"]
[Black "Peschke, Uwe"]
[Result "1-0"]
[WhiteElo "1766"]
[BlackElo "2054"]
[PlyCount "87"]
[EventDate "2012.??.??"]
[WhiteTeam "SC Kreuzberg e.V."]
[BlackTeam "SC Empor Potsdam 1952 e.V."]

1. e4 d5 2. exd5 Qxd5 3. Nc3 Qa5 4. d4 Nf6 5. Nf3 c6 6. Bd3 Bg4 7. h3 Bh5 8.
Bd2 e6 9. a3 Nbd7 10. O-O Bd6 11. Ne4 Qc7 12. Nxd6+ Qxd6 13. Bb4 Qf4 14. Qd2
Nd5 15. Be2 Qc7 16. Rfe1 a5 17. Bc3 O-O 18. Ne5 Bxe2 19. Nxd7 Qxd7 20. Rxe2 Qc7
21. Qe1 Nxc3 22. Qxc3 Rfd8 23. Rd1 Rd5 24. Re5 Rad8 25. Rxd5 Rxd5 26. a4 c5 27.
Qc4 Qd7 28. c3 e5 29. Re1 cxd4 30. cxd4 Rxd4 31. Qc3 b6 32. Rxe5 f6 33. Qb3+
Kf8 34. Re1 Rb4 35. Qc2 Qxa4 36. Qxh7 Qb5 37. Qh8+ Kf7 38. Qd8 Rxb2 39. Re7+
Kg6 40. Qg8 Kf5 41. Qe6+ Kg6 42. Qf7+ Kf5 43. Qh5+ g5 44. Qh7+ 1-0

[Event "11. Lichtenberger Sommer"]
[Site "Berlin"]
[Date "2012.08.24"]
[Round "7.46"]
[White "Gelemerov, Yane"]
[Black "Walter, Günter"]
[Result "1-0"]
[WhiteElo "2033"]
[BlackElo "1983"]
[PlyCount "87"]
[EventDate "2012.??.??"]
[WhiteTeam "Krakra Pernik"]
[BlackTeam "TSG Oberschöneweide e.V."]

1. e4 e5 2. Bc4 Nf6 3. Nc3 Nc6 4. d3 Bb4 5. Bg5 h6 6. Bd2 Bxc3 7. bxc3 d5 8.
exd5 Nxd5 9. Ne2 O-O 10. O-O Be6 11. Bb3 a5 12. a4 Qd6 13. Rb1 b6 14. Kh1 Rae8
15. f3 Kh7 16. Bc1 f5 17. Bb2 Ne3 18. Qd2 Nxf1 19. Rxf1 Bxb3 20. cxb3 e4 21. d4
exf3 22. Rxf3 Qe6 23. Ng1 Qxb3 24. Rh3 Re4 25. c4 Qxa4 26. d5 Ne5 27. Rg3 g5
28. Bxe5 Rxe5 29. Rc3 Rfe8 30. c5 Qd7 31. cxb6 cxb6 32. d6 Rc8 33. Rd3 Rec5 34.
h3 Rc2 35. Qe3 Re8 36. Qd4 b5 37. Nf3 Rc1+ 38. Kh2 Rc4 39. Qd5 Rce4 40. Rc3 Rc8
41. Rxc8 Qxc8 42. d7 Qb8+ 43. Kh1 Re8 44. Qf7+ 1-0

[Event "11. Lichtenberger Sommer"]
[Site "Berlin"]
[Date "2012.08.24"]
[Round "7.47"]
[White "Jeremic, Dusan"]
[Black "Räcke, Norbert"]
[Result "1-0"]
[WhiteElo "2210"]
[BlackElo "1835"]
[PlyCount "63"]
[EventDate "2012.??.??"]
[WhiteTeam "BSC Rehberge 1945 e.V."]
[BlackTeam "Queer-Springer SSV Berlin"]

1. e4 e6 2. d4 d5 3. Nc3 Bb4 4. exd5 exd5 5. Bd3 Nf6 6. Bg5 O-O 7. Nge2 h6 8.
Bh4 c5 9. dxc5 Nc6 10. O-O Bxc5 11. a3 a6 12. Bxf6 Qxf6 13. Nxd5 Qxb2 14. Nec3
Be6 15. Ra2 Qxa2 16. Nxa2 Bxd5 17. Nc3 Be6 18. a4 Rfd8 19. Qh5 Bd4 20. Ne2 Rd5
21. Qh4 Bf6 22. Qe4 g6 23. Qe3 Kg7 24. Nf4 Re5 25. Qb6 Rb8 26. h3 Bd8 27. Qb1
Bg5 28. Nxg6 Ra5 29. h4 fxg6 30. hxg5 Rxg5 31. f4 Ra5 32. Qb2+ 1-0

[Event "11. Lichtenberger Sommer"]
[Site "Berlin"]
[Date "2012.08.24"]
[Round "7.48"]
[White "Deutschbein, Christopher"]
[Black "Welz, Peter"]
[Result "0-1"]
[WhiteElo "2049"]
[BlackElo "2140"]
[PlyCount "108"]
[EventDate "2012.??.??"]
[WhiteTeam "Bille SC von 1924 e.V."]
[BlackTeam "SV Empor Berlin e.V."]

1. e4 e6 2. d3 d5 3. Nd2 Nf6 4. Ngf3 c5 5. g3 Nc6 6. Bg2 Be7 7. O-O b5 8. Re1
b4 9. a3 O-O 10. exd5 exd5 11. axb4 Nxb4 12. Ne5 Bb7 13. Ndf3 d4 14. Nc4 Re8
15. Nfe5 Bxg2 16. Kxg2 Bf8 17. Bd2 Qd5+ 18. Kg1 Re6 19. Bxb4 cxb4 20. Ra5 Qb7
21. Qf3 Qxf3 22. Nxf3 Rxe1+ 23. Nxe1 g6 24. Nf3 h5 25. Nxd4 h4 26. Kg2 Nh5 27.
Nc6 Re8 28. Re5 Ra8 29. Rb5 Re8 30. Nxb4 Re1 31. Nd5 Bg7 32. Ra5 f5 33. c3 g5
34. Rxa7 g4 35. gxh4 f4 36. Nxf4 Nxf4+ 37. Kg3 Nxd3 38. Kxg4 Re4+ 39. Kf3 Rxc4
40. Rb7 Bh6 41. Ke2 Nf4+ 42. Kd1 Nh3 43. Kc2 Nxf2 44. b3 Rxh4 45. c4 Rxh2 46.
Kc3 Bf8 47. b4 Rh3+ 48. Kd4 Rh4+ 49. Kd5 Nd3 50. c5 Nxb4+ 51. Rxb4 Rxb4 52. c6
Rb5+ 53. Ke6 Rc5 54. Kd7 Rd5+ 0-1